IFM Opac

India, planning commission third five year plan. (Record no. 13930)

MARC details
000 -LEADER
fixed length control field 00269nam a22000977a 4500
082 ## - DEWEY DECIMAL CLASSIFICATION NUMBER
Classification number 338.954IND.
245 ## - TITLE STATEMENT
Title India, planning commission third five year plan.
260 ## - PUBLICATION, DISTRIBUTION, ETC.
Place of publication, distribution, etc. India.
Name of publisher, distributor, etc. Government of India, Planning Commission.
Date of publication, distribution, etc. 1962.
300 ## - PHYSICAL DESCRIPTION
Extent 220p.
Other physical details 23cm.
942 ## - ADDED ENTRY ELEMENTS (KOHA)
Koha item type Books
Holdings
Withdrawn status Lost status Source of classification or shelving scheme Damaged status Not for loan Home library Current library Shelving location Date acquired Full call number Barcode Date last seen Price effective from Koha item type
    Dewey Decimal Classification     IFM Main Campus Library IFM Main Campus Library   11/13/2015 338.954IND. 0000008156 11/13/2015 11/13/2015 Books